000 00405nam a22001097a 4500
082 _a001
100 _aप्रसाद ,एम
_982644
245 _aकर्मचारी चयन आयोग द्वारा आयोजित SSC- CGL
260 _aप्रयागराज
_bग्रीन वर्ल्ड
_c2024
650 _aसामान्य ज्ञान
942 _cC. BOOKS
999 _c67323
_d67323